Inflación enfoques y políticas alternativos para América Latina y el Ecuador
Na minha lista:
| Autor principal: | |
|---|---|
| Outros Autores: | |
| Formato: | Livro |
| Idioma: | espanhol |
| Publicado em: |
Quito
LIBRESA
1995
|
| Colecção: | Colección Ensayo
|
| Assuntos: | |
| Tags: |
Sem tags, seja o primeiro a adicionar uma tag!
|
MARC
| LEADER | 00000nam a2200000 4500 | ||
|---|---|---|---|
| 001 | c130988 | ||
| 005 | 20221123112456.0 | ||
| 020 | |a 9978-80-270-3 | ||
| 041 | 0 | |a spa | |
| 044 | |a EC | ||
| 245 | 1 | 0 | |a Inflación |b enfoques y políticas alternativos para América Latina y el Ecuador |c Jürgen Schuldt y Alberto Acosta |
| 264 | 1 | |a Quito |b LIBRESA |c 1995 | |
| 300 | |a 458 s. | ||
| 490 | 1 | |a Colección Ensayo | |
| 830 | 0 | |a Colección Ensayo | |
| 610 | 2 | 0 | |a inflácia |
| 610 | 2 | 0 | |a politika hospodárska |
| 610 | 2 | 0 | |a Južná Amerika |
| 610 | 2 | 0 | |a Ekvádor |
| 100 | 1 | |a Schuldt, Jürgen | |
| 700 | 1 | |a Acosta, Alberto | |